000
00210 a2200109 4500
020
_a
9780545220798
041
_a
spa
100
_a
Barner, Bob
245
_a
!InsectosÅ !InsectosÅ
942
_c
BK
952
_7
1
999
_c
25346
_d
25346